000 00471nam a2200193Ia 4500
008 240510s9999 xx 000 0 und d
020 _a0000136301959
041 _aEng
082 _a005.43
082 _bT15
100 _aTANENBAUM A.S. : WOODHULL A.S.
245 0 _aOPERATING SYSTEMS : DESIGN AND IMPLEMENTATION
260 _bNEW JERSEY : PRINTICE HALL
260 _c1997
300 _a939 p.
650 _aOPERATING SYSTEMS
942 _2ddc
942 _cRBK
999 _c24779
_d24779
945 _a1
_bMadushi Gamage
_c1
_dMadushi Gamage